"KAMENNÝ KVIETOK" NA SCÉNE SND

Bibliographic Details
Main Author: (ra) (Author)
Format: Article
Language:Slovak

MARC

LEADER 00000nab a2200000uu 4500
001 vtls010883126
003 SK-MaSNL
005 20260303145106.0
008 230222|1958 xo |||||||||||||||||slo|
015 |a SNBRB 
035 |a (urnnbn)urn:nbn:sk:snk:ar-001vvf 
035 |a (uuid)f37c6fff-8dec-47ab-8808-d2a9881646df 
035 |a urn:nbn:sk:snk-ab8eq9 
040 |a SNKBUCL  |b slo  |c SNKBUCL  |e AACR2 
041 0 |a slo 
044 |a xo  |c SK 
100 1 |a (ra)  |4 aut  |9 555356 
245 1 0 |a "KAMENNÝ KVIETOK" NA SCÉNE SND  |c (Ra{Rpara} 
773 0 |t Slovenská hudba : revue pre hudobnú kultúru  |g Roč. 2, č. 12 (1958), s. 534-535 
954 |a odborná, vedecká literatúra pôvodná (slovenská)  |2 lita 
958 |a OND 
958 |a EUIPO 
958 |a article10 
999 |c 2000419  |d 2002349